000 00355nam a2200145Ia 4500
008 090124s9999 xx 000 0 und d
082 _b301292
245 _a फीलिंग
250 _a1
260 _bवैद्य सुरेश.
_c1985
300 _a208
630 _a फीलिंग
730 _a फीलिंग
942 _cBOOK
999 _c190846
_d190846